000 00782nam a2200217 i 4500
001 180693
003 SpMaBN
005 20251116063114.0
008 200306s2017 sp a |||| | spa d
020 _a978-84-7112-821-8
080 _a37:32
100 1 _aTorres Santomé, Jurjo,
_d1951-
_9169884
245 1 0 _aPolíticas educativas y construcción de personalidades neoliberales y neocolonialistas /
_cpor Jurjo Torres Santomé.
260 _aSan Sebastián de los Reyes, Madrid :
_bMorata,
_c[2017]
300 _a272 p. :
_bil. ;
_c24 cm.
504 _aBibliografía: p. [263]-270.
650 7 _aPolítica y educación
_2embne
_9135956
852 _aES-MaACL
_jA-14562
_9187610
_bR.152241
_cDEPO1
_dOlim: N-7562
942 _2udc
_cMONOGRAFIA
999 _c180693
_d180693